Normal view
MARC view
- المجتمعات الاسلامية- الاسلام والمجتمع
Entry Topical Term
001 - CONTROL NUMBER
- control field: 16961
003 - CONTROL NUMBER IDENTIFIER
- control field: JO-AjAnu
005 - DATE AND TIME OF LATEST TRANSACTION
- control field: 20230606073014.0
008 - FIXED-LENGTH DATA ELEMENTS
- fixed length control field: 230606|| aca||aabn | a|a d
040 ## - CATALOGING SOURCE
- Original cataloging agency: JO-AjAnu
- Transcribing agency: JO-AjAnu
150 ## - HEADING--TOPICAL TERM
- Topical term or geographic name entry element: المجتمعات الاسلامية- الاسلام والمجتمع
670 ## - SOURCE DATA FOUND
- Source citation: Work cat.: (JO-AjAnu)8708: فهمي، محمد سيد, author 16960, مدخل الى الرعاية الإجتماعية من منظور إسلامي